Návod do praktických cvičení ze zemědělské entomologie : Určeno pro posl. fak. agronomické a provozně-ekon. /

Main Author: Dušek, Jindra, 1931-2009
Corporate Author: Vysoká škola zemědělská v Brně
Other Authors: Řezáč, Miroslav, 1913-1985
Language: Czech
Published: Praha : SPN, 1965
Edition: 1. vyd.
Series: Učební texty vysokých škol
Physical Description: 130 s. ; 4°
Book
Saved in:
LEADER 01198nam a2200325 a 4500
001 000538716
003 CZ BrMZK
005 20011120145454.0
007 ta
008 971022s1965 xr f cze d
015 |a cnb000489253 
035 |a (OCoLC)42123936 
040 |a BOA001  |b cze 
080 |a 595.7(075.8)(076.5)  |2 MRF 
100 1 |a Dušek, Jindra,  |d 1931-2009  |7 jk01023409  |4 aut 
245 1 0 |a Návod do praktických cvičení ze zemědělské entomologie :  |b Určeno pro posl. fak. agronomické a provozně-ekon. /  |c Jindra Dušek, Miroslav Řezáč 
250 |a 1. vyd. 
260 |a Praha :  |b SPN,  |c 1965 
300 |a 130 s. ;  |c 4° 
490 1 |a Učební texty vysokých škol 
500 |a Vyd. Vys. škola zeměd. v Brně 
500 |a Přehl. lit. 
500 |a S obr., fot. a tb. v textu 
700 1 |a Řezáč, Miroslav,  |d 1913-1985  |7 jk01110104 
710 2 |a Vysoká škola zemědělská v Brně  |7 ko2001100072 
830 0 |a Učební texty vysokých škol 
910 |a BOA001  |b 4-0550.933 
964 |a Entomologie zemědělská - praktika - učebnice vysokoškol. 
990 |a BK 
996 7 |b 2619730197  |c 4-0550.933  |l MZK  |r Sklad / do 1 hodiny  |n 3  |w 000538716  |u 000010  |a 1  |e BOA001  |j MZK50  |s A